| 000 -LEADER |
| fixed length control field |
00440nam a22000977a 4500 |
| 008 - FIXED-LENGTH DATA ELEMENTS--GENERAL INFORMATION |
| fixed length control field |
170925b xxu||||| |||| 00| 0 eng d |
| 100 ## - MAIN ENTRY--AUTHOR'S NAME |
| Author's Name |
National Philatelic Museum |
| 245 ## - TITLE STATEMENT |
| Title |
Centenary Stamp Exhibition Bavaria and German States |
| 260 ## - PUBLICATION, DISTRIBUTION, ETC. (IMPRINT) |
| Place of publication, distribution, etc. |
Philadelphia |
| Name of publisher, distributor, etc. |
National Philatelic Museum |
| Date of publication, distribution, etc. |
1949 |
| 650 ## - TOPICAL TERM (Tag) |
| Topical term or geographic name |
Postage stamps -- Germany -- Bavaria -- Exhibitions. | Postage stamps -- Germany -- Exhibitions. | Stamp collecting -- Germany -- Exhibitions. |